Which is which? : a manual of homophones

Αποθηκεύτηκε σε:
Λεπτομέρειες βιβλιογραφικής εγγραφής
Κύριος συγγραφέας: Hagan, S. F.
Μορφή: Βιβλίο
Γλώσσα:English
Δημοσίευση: London : Macmillan, 1982
Σειρά:Macmillan essential English dictionary series
Θέματα:
Ετικέτες: Προσθήκη ετικέτας
Δεν υπάρχουν, Καταχωρήστε ετικέτα πρώτοι!

MARC

LEADER 00000nam a2200000 i 4500
001 1/81223
008 960612s1982 eng d
020 |a 0-333-27235-8 
035 |a 1990  |b 2  |c Αγορά/Πολεμικού  |l 10033640 
040 |a GR-MY-UA  |b gre  |e aacr 
041 0 |a eng 
082 0 |a Π 423.1 
100 1 |a Hagan, S. F. 
245 1 0 |a Which is which? :  |b a manual of homophones /  |c S. F. Hagan 
260 |a London :   |b Macmillan,   |c 1982 
300 |a 128 p. 
490 1 |a Macmillan essential English dictionary series 
650 0 0 |a English language  |x Homonyms  |x Dictionaries. 
830 0 |a Macmillan essential English dictionary series 
852 |a INST  |b RHODES  |e 19960612  |h 423.1 HAG  |p 005400008858  |q 005400008858  |t REF  |y 23 
909 |a Ρ  |b 017184  |c 1990